000 00376nam a2200157Ia 4500
008 210210b1994 xxu||||| |||| 00| 0 eng d
020 _a81 237 0969 2
082 _a324.2092 PRAL
100 _aPRADHAN (G P).
245 _aLokamanya Tilak.
260 _aIndia
_bNational Book Trust
_c1994
300 _aviii,168
650 _aTilak
690 _aBiography
906 _a048942
999 _c97636
_d97636